ბათუმის შოთა რუსთაველის სახელმწიფო უნივერსიტეტის ბიბლიოთეკა

Древнегреческо-русский словарь : (ბიბ.ჩანაწერი № 60859)

000 -LEADER
fixed length control field 00859nam a22001697a 4500
005 - DATE AND TIME OF LATEST TRANSACTION
control field 20231110171045.0
008 - FIXED-LENGTH DATA ELEMENTS--GENERAL INFORMATION
fixed length control field 231110s1958 ru ||||| |||| 00| 0 rus d
041 ## - LANGUAGE CODE
Language code of text/sound track or separate title rus
080 ## - UNIVERSAL DECIMAL CLASSIFICATION NUMBER
Universal Decimal Classification number 81'374.822=14'01=161.1 Д-22
100 ## - MAIN ENTRY--PERSONAL NAME
Personal name Дворецкий, И. Х.
9 (RLIN) 20335
245 ## - TITLE STATEMENT
Title Древнегреческо-русский словарь :
Remainder of title Т. 1, А - Л /
Statement of responsibility, etc. Составил И.Х. Дворецкий; Под редакцией С.И. Соболевского.
264 ## - PRODUCTION, PUBLICATION, DISTRIBUTION, MANUFACTURE, AND COPYRIGHT NOTICE
Place of production, publication, distribution, manufacture Москва :
Name of producer, publisher, distributor, manufacturer Госиздат иностранных и национальных словарей,
Date of production, publication, distribution, manufacture, or copyright notice 1958.
300 ## - PHYSICAL DESCRIPTION
Extent 1044 с. ;
Other physical details 27 см.
653 ## - INDEX TERM--UNCONTROLLED
keyword ძველბერძნულ-რუსული ლექსიკონები
700 ## - ADDED ENTRY--PERSONAL NAME
Personal name Соболевский, С.И.
Relator term რედაქტორი, შემდგენელი.
9 (RLIN) 20336
942 ## - ADDED ENTRY ELEMENTS (KOHA)
Source of classification or shelving scheme
Koha item type წიგნი
ეგზემპლარები
Withdrawn status Lost status Source of classification or shelving scheme Damaged status Not for loan Permanent Location Current Location Shelving location Date acquired Cost, normal purchase price Full call number Barcode Date last seen Copy number Uniform Resource Identifier Price effective from Koha item type Public note
          ბათუმის შოთა რუსთაველის სახელმწიფო უნივერსიტეტის მთავარი ბიბლიოთეკა ბათუმის შოთა რუსთაველის სახელმწიფო უნივერსიტეტის მთავარი ბიბლიოთეკა წიგნსაცავი 2023-11-10 10.00 81'374.822=14'01=161.1 Д-22 65407 2023-11-10 65407 ბსუ-ს საპატიო დოქტორის გურამ ლორთქიფანიძის საჩუქარი 2023-11-10 წიგნი 10 ლ.